01186 a2200217 4500003000500000005001700005010001600022020003100038040000900069082001800078100002800096245006600124260005800190300003200248505037100280650003400651942001200685999001900697952012600716952012600842Nust20221130112919.0 a 73092764 a0844803030 (Crane, Russak) cNust00a621.38152,CAR1 aCarroll, John E.97860110aPhysical models for semiconductor devices /cJohn E. Carroll. aLondon,bE. Arnold;aNew York,bCrane, Russak,c1974. axiv, 253 p.billus.c24 cm. aSemiconductor Devices (Page-1), Semiconductor Materials (Page-7), Conduction and Equilibrium in Solids (Page-34), P-N Junction (Page-55), Amplifiers and Control Devices using p-n Junction (Page-84), Waves in Crystals (Page-125), Devisees using Metal –Semiconductor –Insulator Combinations (Page-150), Hot Electron Devices (Page-177), Optical Devices (Page-204).  0aTelecommunication Engineering 2ddccBK c182217d182217 00102ddc4070aMCSbMCScGENd2016-12-12o621.38152,CARpMCS5150r2016-12-08w2016-12-12yBKzAlmirah No.33, Shelf No.4 00102ddc4070aMCSbMCScGENd2016-12-12o621.38152,CARpMCS5151r2016-12-08w2016-12-12yBKzAlmirah No.33, Shelf No.4